<?xml version='1.0' encoding='UTF-8'?>
  <record xmlns="http://www.loc.gov/MARC21/slim">
    <leader>00000ctm a22000007i 4500</leader>
    <controlfield tag="001">ocn965407457</controlfield>
    <controlfield tag="003">OCoLC</controlfield>
    <controlfield tag="005">20251021164232.9</controlfield>
    <controlfield tag="008">130909q1468    ne            000 0 lat d</controlfield>
    <datafield tag="040" ind1=" " ind2=" ">
      <subfield code="a">QGJ</subfield>
      <subfield code="b">dut</subfield>
      <subfield code="c">QGJ</subfield>
      <subfield code="d">OCLCL</subfield>
      <subfield code="d">OCLCQ</subfield>
    </datafield>
    <datafield tag="035" ind1=" " ind2=" ">
      <subfield code="a">(OCoLC)965407457</subfield>
    </datafield>
    <datafield tag="100" ind1="0" ind2=" ">
      <subfield code="a">Julianus Pomerus,</subfield>
      <subfield code="d">5de eeuw.</subfield>
    </datafield>
    <datafield tag="245" ind1="1" ind2="0">
      <subfield code="a">De vita contemplativa et activa /</subfield>
      <subfield code="c">Prosper Pomerius.</subfield>
      <subfield code="f">UBU Hs. 270 (Hs 4 H 12).</subfield>
    </datafield>
    <datafield tag="260" ind1=" " ind2=" ">
      <subfield code="a">[Utrecht],</subfield>
      <subfield code="c">1468.</subfield>
    </datafield>
    <datafield tag="300" ind1=" " ind2=" ">
      <subfield code="a">74 fol.) ;</subfield>
      <subfield code="c">206x146 (147x92) mm.</subfield>
    </datafield>
    <datafield tag="336" ind1=" " ind2=" ">
      <subfield code="a">text</subfield>
      <subfield code="b">txt</subfield>
      <subfield code="2">rdacontent</subfield>
    </datafield>
    <datafield tag="337" ind1=" " ind2=" ">
      <subfield code="a">unmediated</subfield>
      <subfield code="b">n</subfield>
      <subfield code="2">rdamedia</subfield>
    </datafield>
    <datafield tag="338" ind1=" " ind2=" ">
      <subfield code="a">volume</subfield>
      <subfield code="b">nc</subfield>
      <subfield code="2">rdacarrier</subfield>
    </datafield>
    <datafield tag="340" ind1=" " ind2=" ">
      <subfield code="a">perkament</subfield>
      <subfield code="k">29 regels, littera hybrida.</subfield>
    </datafield>
    <datafield tag="500" ind1=" " ind2=" ">
      <subfield code="a">Auteur is Julianus Pomerius.</subfield>
    </datafield>
    <datafield tag="562" ind1=" " ind2=" ">
      <subfield code="a">Binding note: Hs 4 H 12 dl 1 (fol. 1-74).</subfield>
      <subfield code="5">NL-UtRU</subfield>
    </datafield>
    <datafield tag="524" ind1=" " ind2=" ">
      <subfield code="a">Te citeren als: Universiteitsbibliotheek Utrecht Hs. 270 (Hs 4 H 12).</subfield>
    </datafield>
    <datafield tag="563" ind1=" " ind2=" ">
      <subfield code="a">Contemporaine leren band over houten platten, blind gestempeld met ruitpatroon gevormd door diagonale tripellijnen in een door tripellijnen gevormd rechthoekig kader. Met restant van koperen klamp (1 penmuiter) en 16 stempels.</subfield>
    </datafield>
    <datafield tag="500" ind1=" " ind2=" ">
      <subfield code="a">Incipit: Diu multumque renisus sum ...</subfield>
    </datafield>
    <datafield tag="500" ind1=" " ind2=" ">
      <subfield code="a">Explicit: Explicit liber beati prosperi pomerii viri religiossissimi. de vita contemplativa et activa. Anno domini millesimo. quadringentesimo. sexagesimo octavo. per fratrem johannem dobbe soen. monachum professum domus nove lucis sancti salvatoris ordinis carthusiensis. prope traiectum inferius. scriptus et finitus in vigilia pasche.</subfield>
    </datafield>
    <datafield tag="581" ind1=" " ind2=" ">
      <subfield code="a">Catalogus codicum manu scriptorum Bibliothecae Universitatis Rheno-Trajectinae. I. Trajecti ad Rhenum / Hagae Comitis 1887. p. 88.</subfield>
    </datafield>
    <datafield tag="581" ind1=" " ind2=" ">
      <subfield code="a">A. Hulshof &amp; M.J. Schretlen, De kunst der oude boekbinders. XVde en XVIde eeuwsche boekbanden in de Utrechtsche Universiteitsbibliotheek. Utrecht 1921. p. 7.</subfield>
    </datafield>
    <datafield tag="581" ind1=" " ind2=" ">
      <subfield code="a">J.P. Gumbert, Manuscrits datés conservés dans les Pays-Bas. Vol. 2: Les manuscrits d'origine néerlandaise (XIVe-XVIe siècles) et Suppl. au tome premier. Leiden etc. 1988. p. 198 nr. 677, pl. 756b.</subfield>
    </datafield>
    <datafield tag="655" ind1=" " ind2="7">
      <subfield code="a">Handschriften (vorm)</subfield>
      <subfield code="0">(NL-LeOCL)088143309.</subfield>
      <subfield code="2">gtt</subfield>
    </datafield>
    <datafield tag="700" ind1="1" ind2=" ">
      <subfield code="a">Johannes Dobbenz.,</subfield>
      <subfield code="d">-1476.</subfield>
    </datafield>
    <datafield tag="710" ind1="2" ind2=" ">
      <subfield code="a">Karthuizerklooster Nieuwlicht of Bloemendaal (Utrecht)</subfield>
      <subfield code="e">former owner.</subfield>
      <subfield code="4">fmo</subfield>
      <subfield code="5">NL-UtRU</subfield>
    </datafield>
    <datafield tag="758" ind1=" " ind2=" ">
      <subfield code="a">UBU Hs. 270 (Hs 4 H 12) De vita contemplativa et activa (Text)</subfield>
      <subfield code="1">https://id.oclc.org/worldcat/entity/E39PD3v7G8MwCR8bJYJxBk9jvd</subfield>
      <subfield code="4">https://id.oclc.org/worldcat/ontology/hasWork</subfield>
    </datafield>
    <datafield tag="856" ind1="4" ind2="1">
      <subfield code="u">http://objects.library.uu.nl/reader/resolver.php?obj=002551165&amp;type=2</subfield>
      <subfield code="x">Online</subfield>
      <subfield code="z">Full Text</subfield>
    </datafield>
    <datafield tag="936" ind1=" " ind2=" ">
      <subfield code="a">BATCHLOAD</subfield>
    </datafield>
  </record>